1750 1140 1505 1852 1522 1491 1271 1199 1943 1849 1958 1217 1303 1651 1904 1324 1965 1594 1085 1277 1406 1455 1247 1301 1905 1138 1245 1027 1575 1466 1061 1131 1254 1497 1171 1947 1542 1254 1056 1981 1706 1823 1474 1499 1529 1527 1755 1617 1384 1347 1889 1132 1696 1220 1943 1714 1319 1598 1388 1842 1061 1507 1027 1824 1238 1967 1465 1557 1485 1915 1979 1075 1166 1091 1770 1470 1301 1648 1101 1741 1643 1467 1806 1269 1802 1719 1814 1077 1467 1534 1101 1068 1982 1732 1188 1423 1179 1939 1915 BCNSPRNW ULIB Ver.6.0+V

เปลี่ยนเป็นภาษาไทย

Change to English
 แสดงรายละเอียดบรรณานุกรม
  กลับหน้าหลัก

Brief Record : Get Marc (ISO 2709) : E-mail record : QR code < ปิดหน้าต่าง
LEADER : 00000nam 2200000uu 4500
001    13399112833
003     ULIB
008    110908s2542||||th 000 0 tha d
020    9749796535
050 04 DS578.2^bอ228ห 2542
100 0  เอนก นาวิกมูล
245 10 หญิงชาวสยาม Siamese Women/^cเอนก นาวิกมูล
250    พิมพ์ครั้งที่ 1
260    กรุงเทพฯ :^bแสงดาว,^c2542
300    247 หน้า
650  7 สตรีไทย^xชีวประวัติ^xกรุงรัตนโกสินทร์^xรวมเรื่อง
945    ^p0^l0^i011680
995    ทศพร
999 ^a ทศพร
รายการนี้ยังไม่มีแท็ก
คุณยังไม่ได้ล็อกอิน คุณสามารถมีกิจกรรมร่วมกับเว็บไซต์ได้ แต่ต้องล็อกอินก่อน ::
  ล็อกอิน

รายการสื่อสารสนเทศ

ลำดับที่ ประเภท เลขเรียก/บาร์โค้ด สถานที่ สถานะ
- ไม่พบข้อมูล -

รายการใกล้เคียง
    ผู้แต่ง [เอนก นาวิกมูล]

BibComment


ยังไม่เคยถูกคอมเมนท์

คอมเมนท์ทรัพยากรรายการนี้
  คอมเมนท์: หญิงชาวสยาม Siame..


 Copyright 2026. Bcnsprnw @Library